000 00294nam a2200133Ia 4500
100 _aSalas/ S.L./ Hille/ E.
942 _cBK
654 _aCalculus
245 _aCalculus one & several variables
260 _bJohn wiley
_aNew York
_c1990
300 _a1094
546 _aENGLISH
999 _c30957
_d30957